LEADER 00701nam a22002291i 4500 001 991004373134607536 005 20250324142144.0 008 250324s1970 it a|||er|||| 001|0 ita d 040 $aBibl. Dip.le Aggr. Scienze Giuridiche - Sez. Studi Giuridici$bita$cSocioculturale Scs 041 0 $aita 082 04$a945.09$223 100 1 $aAlfassio Grimaldi, Ugoberto$0174485 245 13$aIl re "buono" /$cUgoberto Alfassio Grimaldi 250 $a2. edizione 260 $aMilano :$bFeltrinelli,$c1970 300 $a475 p. :$bill. ;$c18 cm 490 1 $aStoria 600 04$aUmberto$c 830 0$aStoria 912 $a991004373134607536 996 $aRe "buono"$9268256 997 $aUNISALENTO LEADER 01178nam0 22002891i 450 001 UON00513648 005 20231205105510.521 010 $a34-461-3160-4 100 $a20230427d1980 |0itac50 ba 101 $ager 102 $aDE 105 $a|||| ||||| 200 1 $aˆDie ‰Frau mit der Kamera$eFilmacherinnen in der Bundesrepublik Deutschland$eSituation, Perspektiven, 10 exemplarische Lebenlaufe$fRenate Mohrmann 210 $aMunchen$aWien$cCarl Hanser$dc1980 215 $a231 p.$cill.$d21 cm 606 $aCinema$xGermania$xStoria$3UONC101097$2FI 606 $aCinema$xStoria$3UONC101096$2FI 620 $aDE$dMünchen$3UONL003025 676 $a791.430943$cSPETTACOLI PUBBLICI. CINEMA. Europa centrale, Germania$v22 700 1$aMOHRMANN$bRenate$3UONV101432$0132375 712 $aHanser$3UONV265999$4650 801 $aIT$bSOL$c20251114$gRICA 899 $aSIBA - SISTEMA BIBLIOTECARIO DI ATENEO$2UONSI 912 $aUON00513648 950 $aSIBA - SISTEMA BIBLIOTECARIO DI ATENEO$dSI F. Goethe 791.092 MOE 1203 $eSI 42168 5 1203 996 $aFrau mit der Kamera$93902609 997 $aUNIOR